000 00300nam a22001337a 4500
003 SGT
082 _a617.51
_bE16H
100 _aHAZARIKA, P.
245 _aTB. OF EAR, NOSE, THROAT AND HEAT & NECK SURGERY
250 _a3RD
260 _aINDIA
_bCBS
_c2016
300 _a920
942 _2ddc
_cBK
_014
999 _c14872
_d14872